| 000 | 00583nam a2200169 a 4500 | ||
|---|---|---|---|
| 001 | 000028416 | ||
| 005 | 20200930054931.0 | ||
| 008 | 110408s2010 dr a 000 0 spa d | ||
| 040 |
_aDO-SdBNP _bspa _cBNPHU |
||
| 082 |
_axxxx _bW54s |
||
| 100 | 1 |
_aWeyland Usanna, Karin _955370 |
|
| 245 | 1 | 3 |
_aLa sociología del alma y del desarrollo de una ciencia interior : _bmás allá de la subjetividad, el lenguaje y la razón / _cKarin Weyland Usanna. |
| 260 |
_aSanto Domingo : _bBúho, _c2010. |
||
| 300 |
_a203 p. : _bil. ; _c22 cm. |
||
| 504 | _aBibliografía : p. 184-203 | ||
| 049 | _aBNPD | ||
| 999 |
_c27908 _d27908 |
||